000 00699nam a2200289Ia 4500
005 20260324140322.0
008 008 260324s9999 xx 000 0 eng d
020 _a9780203982723
037 _aEBOOK
040 _aCRL
040 _beng
040 _cCRL
041 _2eng
041 _aeng
084 _qCRL
100 _aJohn Peterson; Helene Sjursen
_91203946
245 2 _aA Common Foreign Policy for Europe?
245 0 _bCompeting Visions of the CFSP
260 _bTaylor and Francis
260 _c1999
365 _a
365 _b240
856 _uhttp://www.taylorfrancis.com/books/9780203982723
942 _cEBOOK
999 _c1805898
_d1805898